Modelado a escala reducida de paredes de mampostería confinada sometidas a cortante

Uloženo v:
Podrobná bibliografie
Hlavní autor: Lara Koberg, Franz
Médium: Kniha
Vydáno: [San José , Costa Rica] 1996
Témata:
Tagy: Přidat tag
Žádné tagy, Buďte první, kdo vytvoří štítek k tomuto záznamu!

MARC

LEADER 00000nam a2200000Ia 4500
003 007858
005 20221231144249.0
008 140114s1996 cr a m 000 ||s d
040 |c cru CEDI 
090 |a TFG 3415 
100 |a Lara Koberg, Franz  |9 10514 
245 |a Modelado a escala reducida de paredes de mampostería confinada sometidas a cortante 
260 |c 1996  |a  [San José , Costa Rica] 
300 |a x, 76 hojas : ilustraciones  
500 |a  Proyecto de graduación (licenciatura en ingeniería civil)--Universidad de Costa Rica. Facultad de Ingeniería. Escuela de Ingeniería Civil 
650 |x MAMPOSTERIA   |x CONSTRUCCIONES ANTISISMICAS   |9 10515 
942 |c TFG 
999 |c 19291  |d 19291